[Event "Women's Baku Chess Olympiad"]
[Site "chess24.com"]
[Date "2016.09.11"]
[Round "9"]
[White "Francis, Thapelo"]
[Black "Pasipanodya, Valentine"]
[Result "1-0"]
[Board "3"]
[WhiteID "11301317"]
[WhiteElo "1700"]
[WhiteTitle "WFM"]
[WhiteCountry "BOT"]
[WhiteFideId "11301317"]
[WhiteEloChange "7"]
[BlackID "11000546"]
[BlackElo "1594"]
[BlackCountry "ZIM"]
[BlackFideId "11000546"]
[BlackEloChange "-7"]

1. e4 {[%clk 1:30:55]} e5 {[%clk 1:30:57]} 2. Nf3 {[%clk 1:31:17]} d6 {[%clk
1:31:19]} 3. d4 {[%clk 1:31:04]} exd4 {[%clk 1:31:38]} 4. Nxd4 {[%clk 1:31:18]}
Be7 {[%clk 1:32:00]} 5. Bc4 {[%clk 1:30:56]} Nf6 {[%clk 1:32:19]} 6. Nc3 {[%clk
1:29:39]} a6 {[%clk 1:32:31]} 7. h3 {[%clk 1:28:13]} c6 {[%clk 1:32:36]} 8. O-O
{[%clk 1:28:04]} O-O {[%clk 1:32:57]} 9. Qf3 {[%clk 1:27:36]} Nbd7 {[%clk
1:32:58]} 10. Qg3 {[%clk 1:24:17]} Ne5 {[%clk 1:30:48]} 11. Bb3 {[%clk 1:23:34]}
c5 {[%clk 1:29:10]} 12. Nde2 {[%clk 1:21:05]} c4 {[%clk 1:27:49]} 13. f4 {[%clk
1:21:11]} cxb3 {[%clk 1:23:59]} 14. fxe5 {[%clk 1:21:17]} dxe5 {[%clk 1:24:07]}
15. cxb3 {[%clk 1:18:57]} Qc7 {[%clk 1:21:55]} 16. Bg5 {[%clk 1:15:47]} Kh8
{[%clk 1:08:53]} 17. Bxf6 {[%clk 1:11:21]} Bxf6 {[%clk 1:08:47]} 18. Rac1 {[%clk
1:10:13]} Qa5 {[%clk 1:06:57]} 19. Kh1 {[%clk 1:06:29]} Be6 {[%clk 1:06:55]} 20.
Qd3 {[%clk 1:03:42]} Rfd8 {[%clk 1:01:08]} 21. Qc2 {[%clk 1:00:21]} Rac8 {[%clk
1:00:24]} 22. a3 {[%clk 1:00:10]} Qb6 {[%clk 0:55:09]} 23. b4 {[%clk 1:00:15]}
Bg5 {[%clk 0:44:16]} 24. Rcd1 {[%clk 1:00:26]} h6 {[%clk 0:44:10]} 25. Rxd8+
{[%clk 0:59:38]} Rxd8 {[%clk 0:44:14]} 26. Rd1 {[%clk 0:53:55]} Qf2 {[%clk
0:43:04]} 27. Rxd8+ {[%clk 0:53:58]} Bxd8 {[%clk 0:43:26]} 28. Qd1 {[%clk
0:51:18]} Bb6 {[%clk 0:43:08]} 29. Qg1 {[%clk 0:45:30]} Qxg1+ {[%clk 0:39:59]}
30. Nxg1 {[%clk 0:45:54]} Bxg1 {[%clk 0:40:25]} 31. Kxg1 {[%clk 0:46:20]} Kg8
{[%clk 0:40:41]} 32. Kf2 {[%clk 0:45:46]} Kf8 {[%clk 0:41:05]} 33. Ke3 {[%clk
0:44:54]} Ke7 {[%clk 0:41:03]} 34. h4 {[%clk 0:44:49]} Kd6 {[%clk 0:41:19]} 35.
g3 {[%clk 0:44:49]} g6 {[%clk 0:34:39]} 36. Na4 {[%clk 0:44:52]} Bg4 {[%clk
0:32:59]} 37. Nc5 {[%clk 0:43:56]} Kc6 {[%clk 0:32:29]} 38. Nd3 {[%clk 0:42:45]}
f6 {[%clk 0:31:35]} 39. Kd2 {[%clk 0:37:22]} b6 {[%clk 0:30:32]} 40. Kc3 {[%clk
1:07:09]} Bf3 {[%clk 1:00:05]} 41. Nf2 {[%clk 1:07:23]} f5 {[%clk 0:51:10]} 42.
exf5 {[%clk 1:05:23]} gxf5 {[%clk 0:51:27]} 43. Kd3 {[%clk 1:05:20]} h5 {[%clk
0:50:32]} 44. Ke3 {[%clk 1:05:05]} Bd5 {[%clk 0:50:25]} 45. Nd3 {[%clk 1:05:05]}
Kd6 {[%clk 0:50:26]} 46. Nc1 {[%clk 1:03:45]} Bc6 {[%clk 0:42:29]} 47. Ne2 {[%clk
0:56:45]} Kd5 {[%clk 0:40:13]} 48. b3 {[%clk 0:56:32]} Kd6 {[%clk 0:40:01]} 49.
Nc3 {[%clk 0:47:44]} Bd5 {[%clk 0:35:33]} 50. Na4 {[%clk 0:43:18]} Kc6 {[%clk
0:34:27]} 51. Nc3 {[%clk 0:39:19]} Bxb3 {[%clk 0:34:29]} 52. Kf3 {[%clk 0:39:12]}
Bd5+ {[%clk 0:34:15]} 53. Ke3 {[%clk 0:39:26]} Bc4 {[%clk 0:32:57]} 54. Kf3
{[%clk 0:39:26]} a5 {[%clk 0:31:49]} 55. Ke3 {[%clk 0:39:40]} axb4 {[%clk
0:31:20]} 56. axb4 {[%clk 0:39:56]} b5 {[%clk 0:31:12]} 57. Kf3 {[%clk 0:40:05]}
Kd6 {[%clk 0:31:39]} 58. Ke3 {[%clk 0:40:08]} Ke6 {[%clk 0:27:12]} 59. Kf3 {[%clk
0:39:51]} e4+ {[%clk 0:25:18]} 60. Kf4 {[%clk 0:39:41]} Kf6 {[%clk 0:20:41]} 61.
Nd1 {[%clk 0:39:31]} Bd3 {[%clk 0:19:56]} 62. Ne3 {[%clk 0:33:04]} Be2 {[%clk
0:17:27]} 63. Nxf5 {[%clk 0:33:13]} Ke6 {[%clk 0:16:29]} 64. Kxe4 {[%clk
0:25:50]} Kf6 {[%clk 0:11:15]} 65. Nd4 {[%clk 0:24:58]} Bf1 {[%clk 0:10:48]} 66.
Kd5 {[%clk 0:23:46]} Bd3 {[%clk 0:10:19]} 67. Kc5 {[%clk 0:22:52]} Ke5 {[%clk
0:10:28]} 68. Nxb5 {[%clk 0:22:53]} Ke4 {[%clk 0:10:13]} 69. Nd4 {[%clk 0:22:44]}
Ke3 {[%clk 0:10:24]} 70. b5 {[%clk 0:20:06]} Kf2 {[%clk 0:09:33]} 71. b6 {[%clk
0:20:13]} Ba6 {[%clk 0:09:59]} 72. Nf5 {[%clk 0:20:05]} Bb7 {[%clk 0:09:56]} 73.
Kd4 {[%clk 0:19:40]} Kf3 {[%clk 0:09:48]} 74. Ke5 {[%clk 0:19:48]} Kg4 {[%clk
0:09:58]} 75. Kf6 {[%clk 0:19:42]} Bh1 {[%clk 0:09:40]} 76. Ng7 {[%clk 0:17:39]}
Bb7 {[%clk 0:09:16]} 77. Nxh5 {[%clk 0:17:14]} Kxh5 {[%clk 0:09:30]} 78. Kf5
{[%clk 0:17:32]} Bc8+ {[%clk 0:09:18]} 79. Kf4 {[%clk 0:17:43]} Bb7 {[%clk
0:08:55]} 80. Ke5 {[%clk 0:17:17]} Kg6 {[%clk 0:09:10]} 81. Kd6 {[%clk 0:17:35]}
Kh5 {[%clk 0:08:47]} 82. Kc7 {[%clk 0:17:54]} Bf3 {[%clk 0:08:57]} 83. b7 {[%clk
0:18:16]} Kg4 {[%clk 0:09:15]} 84. b8Q {[%clk 0:18:22]} Kxg3 {[%clk 0:09:30]} 85.
Qd8 {[%clk 0:18:37]} Kf4 {[%clk 0:09:34]} 86. Qf6+ {[%clk 0:18:46]} Kg4 {[%clk
0:09:54]} 87. Qg5+ {[%clk 0:18:56]} Kh3 {[%clk 0:10:15]} 88. h5 {[%clk 0:18:56]}
1-0

[Event "Women's Baku Chess Olympiad"]
[Site "chess24.com"]
[Date "2016.09.11"]
[Round "9"]
[White "Mwango , Lorita"]
[Black "Murray, Donna"]
[Result "1-0"]
[Board "1"]
[WhiteID "8700478"]
[WhiteElo "1935"]
[WhiteTitle "WFM"]
[WhiteCountry "ZAM"]
[WhiteFideId "8700478"]
[WhiteEloChange "2"]
[BlackID "11102470"]
[BlackElo "1419"]
[BlackCountry "BAR"]
[BlackFideId "11102470"]
[BlackEloChange "-2"]

1. d4 {[%clk 1:30:57]} Nf6 {[%clk 1:30:54]} 2. Nf3 {[%clk 1:30:51]} g6 {[%clk
1:31:04]} 3. c4 {[%clk 1:31:16]} Bg7 {[%clk 1:31:28]} 4. Nc3 {[%clk 1:31:36]} O-O
{[%clk 1:31:45]} 5. e4 {[%clk 1:32:04]} d6 {[%clk 1:31:34]} 6. Be2 {[%clk
1:32:17]} e5 {[%clk 1:31:21]} 7. Bg5 {[%clk 1:32:02]} h6 {[%clk 1:29:54]} 8. Bxf6
{[%clk 1:30:44]} Bxf6 {[%clk 1:29:42]} 9. dxe5 {[%clk 1:31:04]} dxe5 {[%clk
1:29:41]} 10. Qxd8 {[%clk 1:30:55]} Rxd8 {[%clk 1:29:59]} 11. Nd5 {[%clk
1:31:12]} Bg7 {[%clk 1:28:43]} 12. Nxc7 {[%clk 1:31:28]} Nc6 {[%clk 1:27:59]} 13.
Nxa8 {[%clk 1:31:44]} Bg4 {[%clk 1:26:21]} 14. Nc7 {[%clk 1:31:57]} Rc8 {[%clk
1:22:56]} 15. Nd5 {[%clk 1:32:15]} Bf8 {[%clk 1:22:35]} 16. Nf6+ {[%clk 1:32:28]}
Kg7 {[%clk 1:21:36]} 17. Nxg4 {[%clk 1:32:52]} f6 {[%clk 1:21:29]} 18. O-O {[%clk
1:33:09]} h5 {[%clk 1:21:54]} 19. Ne3 {[%clk 1:33:28]} Bc5 {[%clk 1:21:39]} 20.
Nd5 {[%clk 1:33:18]} a6 {[%clk 1:20:46]} 21. Rfd1 {[%clk 1:32:27]} g5 {[%clk
1:19:39]} 22. Rab1 {[%clk 1:32:04]} g4 {[%clk 1:19:48]} 23. Nh4 {[%clk 1:32:05]}
Nd4 {[%clk 1:18:49]} 24. Kf1 {[%clk 1:31:58]} Rf8 {[%clk 1:16:35]} 25. Bd3 {[%clk
1:29:45]} Ne6 {[%clk 1:12:55]} 26. b4 {[%clk 1:29:14]} Bd4 {[%clk 1:13:05]} 27.
Nf5+ {[%clk 1:29:31]} Kg6 {[%clk 1:13:07]} 28. Nxd4 {[%clk 1:29:46]} Nxd4 {[%clk
1:13:26]} 29. Ne7+ {[%clk 1:29:37]} Kg5 {[%clk 1:12:07]} 30. Nf5 {[%clk 1:29:50]}
Rd8 {[%clk 1:11:18]} 31. Nxd4 {[%clk 1:30:04]} Rxd4 {[%clk 1:11:31]} 32. Rbc1
{[%clk 1:29:48]} Rd8 {[%clk 1:11:13]} 33. Be2 {[%clk 1:29:22]} Rg8 {[%clk
1:10:09]} 34. Rd7 {[%clk 1:29:30]} Kh4 {[%clk 1:10:10]} 35. Rxb7 {[%clk 1:29:49]}
Rg5 {[%clk 1:10:21]} 36. Rf7 {[%clk 1:29:51]} Rg6 {[%clk 1:08:38]} 37. c5 {[%clk
1:29:59]} Kg5 {[%clk 1:08:34]} 38. c6 {[%clk 1:30:20]} Kf4 {[%clk 1:08:23]} 39.
c7 {[%clk 1:30:43]} Kxe4 {[%clk 1:08:15]} 40. c8Q {[%clk 1:30:43]} 1-0

[Event "Women's Baku Chess Olympiad"]
[Site "chess24.com"]
[Date "2016.09.11"]
[Round "9"]
[White "Wasif, Zenobia"]
[Black "Adhikari, Ashmita"]
[Result "1-0"]
[Board "2"]
[WhiteID "7800746"]
[WhiteElo "1566"]
[WhiteCountry "PAK"]
[WhiteFideId "7800746"]
[WhiteEloChange "12"]
[BlackID "12301329"]
[BlackElo "1632"]
[BlackCountry "NEP"]
[BlackFideId "12301329"]
[BlackEloChange "-12"]

1. e4 {[%clk 1:30:48]} e5 {[%clk 1:30:54]} 2. Nf3 {[%clk 1:31:11]} Nc6 {[%clk
1:31:13]} 3. c4 {[%clk 1:31:31]} Bc5 {[%clk 1:31:13]} 4. Nc3 {[%clk 1:31:18]} d6
{[%clk 1:31:03]} 5. h3 {[%clk 1:31:28]} Nf6 {[%clk 1:30:14]} 6. d3 {[%clk
1:31:24]} h6 {[%clk 1:30:18]} 7. Be2 {[%clk 1:31:43]} O-O {[%clk 1:30:12]} 8. O-O
{[%clk 1:32:03]} Ne7 {[%clk 1:29:16]} 9. Na4 {[%clk 1:28:08]} Bb6 {[%clk
1:29:15]} 10. Nxb6 {[%clk 1:28:22]} axb6 {[%clk 1:29:38]} 11. Nh2 {[%clk
1:27:48]} Ng6 {[%clk 1:23:52]} 12. f4 {[%clk 1:25:37]} exf4 {[%clk 1:23:35]} 13.
Bxf4 {[%clk 1:25:43]} Be6 {[%clk 1:22:27]} 14. Qe1 {[%clk 1:24:16]} Qe7 {[%clk
1:18:17]} 15. Qg3 {[%clk 1:23:51]} Rad8 {[%clk 1:11:00]} 16. Bd2 {[%clk 1:18:32]}
c6 {[%clk 1:07:51]} 17. Bc3 {[%clk 1:11:55]} Nd7 {[%clk 1:05:06]} 18. Bh5 {[%clk
1:11:27]} Kh7 {[%clk 1:05:18]} 19. Kh1 {[%clk 1:03:54]} Nc5 {[%clk 1:01:16]} 20.
b3 {[%clk 1:01:09]} d5 {[%clk 0:59:05]} 21. exd5 {[%clk 0:59:11]} cxd5 {[%clk
0:59:13]} 22. Bxg6+ {[%clk 0:53:54]} fxg6 {[%clk 0:59:26]} 23. Bb4 {[%clk
0:53:48]} Rxf1+ {[%clk 0:56:27]} 24. Rxf1 {[%clk 0:53:32]} Qd7 {[%clk 0:56:12]}
25. Bxc5 {[%clk 0:46:20]} bxc5 {[%clk 0:56:32]} 26. Nf3 {[%clk 0:46:02]} Bf5
{[%clk 0:50:15]} 27. Nh4 {[%clk 0:39:09]} dxc4 {[%clk 0:46:56]} 28. dxc4 {[%clk
0:37:22]} Ra8 {[%clk 0:44:59]} 29. a4 {[%clk 0:35:51]} Bc2 {[%clk 0:43:06]} 30.
Qc3 {[%clk 0:32:12]} Be4 {[%clk 0:42:19]} 31. Re1 {[%clk 0:29:32]} Qe7 {[%clk
0:41:33]} 32. Nf3 {[%clk 0:29:22]} Re8 {[%clk 0:40:29]} 33. Qe3 {[%clk 0:27:19]}
b6 {[%clk 0:39:17]} 34. Kg1 {[%clk 0:27:37]} Qe6 {[%clk 0:38:28]} 35. Nd2 {[%clk
0:24:29]} Bf5 {[%clk 0:37:54]} 36. Kf2 {[%clk 0:23:54]} Qxe3+ {[%clk 0:37:36]}
37. Rxe3 {[%clk 0:24:17]} Rd8 {[%clk 0:37:36]} 38. Nf3 {[%clk 0:23:08]} Rd1
{[%clk 0:35:38]} 39. g4 {[%clk 0:23:06]} Bc2 {[%clk 0:34:45]} 40. Re6 {[%clk
0:50:41]} Bxb3 {[%clk 1:03:50]} 41. Rxb6 {[%clk 0:50:55]} Bxa4 {[%clk 1:03:33]}
42. Ne5 {[%clk 0:51:00]} g5 {[%clk 0:59:19]} 43. Rb7 {[%clk 0:50:00]} Rd2+ {[%clk
0:58:49]} 44. Kg3 {[%clk 0:50:02]} Rc2 {[%clk 0:58:06]} 45. Rc7 {[%clk 0:49:58]}
Rc3+ {[%clk 0:57:52]} 46. Kg2 {[%clk 0:50:04]} Re3 {[%clk 0:56:46]} 47. Rxc5
{[%clk 0:50:08]} Bc2 {[%clk 0:56:32]} 48. Nf7 {[%clk 0:47:17]} Be4+ {[%clk
0:56:30]} 49. Kh2 {[%clk 0:46:58]} Re2+ {[%clk 0:56:47]} 50. Kg1 {[%clk 0:45:48]}
Rg2+ {[%clk 0:56:48]} 51. Kf1 {[%clk 0:45:31]} Rg3 {[%clk 0:56:52]} 52. Nd6
{[%clk 0:44:09]} Bh1 {[%clk 0:56:21]} 53. Rc7 {[%clk 0:44:10]} Rxh3 {[%clk
0:55:57]} 54. Nf5 {[%clk 0:44:16]} Be4 {[%clk 0:52:25]} 55. Nxg7 {[%clk 0:44:17]}
Kh8 {[%clk 0:51:28]} 56. Nh5 {[%clk 0:42:51]} Bg6 {[%clk 0:46:33]} 57. Rc8+
{[%clk 0:40:00]} Kh7 {[%clk 0:46:34]} 58. Rc7+ {[%clk 0:37:00]} Kg8 {[%clk
0:46:11]} 59. Nf6+ {[%clk 0:37:19]} Kf8 {[%clk 0:45:54]} 60. Ke2 {[%clk 0:36:27]}
Rh2+ {[%clk 0:44:59]} 61. Ke3 {[%clk 0:36:35]} Rc2 {[%clk 0:44:07]} 62. Kd4
{[%clk 0:36:49]} Rd2+ {[%clk 0:44:09]} 63. Ke5 {[%clk 0:35:36]} Re2+ {[%clk
0:43:50]} 64. Kd6 {[%clk 0:35:24]} Rd2+ {[%clk 0:43:06]} 65. Kc6 {[%clk 0:35:14]}
Be8+ {[%clk 0:40:41]} 66. Nxe8 {[%clk 0:33:58]} Kxe8 {[%clk 0:41:01]} 67. Rh7
{[%clk 0:34:13]} Rh2 {[%clk 0:41:04]} 68. c5 {[%clk 0:33:53]} Rh4 {[%clk
0:39:50]} 69. Kb7 {[%clk 0:33:47]} Rxg4 {[%clk 0:39:16]} 70. Rxh6 {[%clk
0:33:50]} Rb4+ {[%clk 0:39:33]} 71. Rb6 {[%clk 0:32:37]} Rd4 {[%clk 0:37:41]} 72.
c6 {[%clk 0:32:50]} g4 {[%clk 0:36:54]} 73. c7 {[%clk 0:32:50]} Rd7 {[%clk
0:35:41]} 74. Kb8 {[%clk 0:33:01]} g3 {[%clk 0:35:07]} 75. c8Q+ {[%clk 0:33:01]}
Ke7 {[%clk 0:35:07]} 76. Qc5+ {[%clk 0:28:58]} Ke8 {[%clk 0:33:59]} 77. Qe5+
{[%clk 0:29:01]} 1-0

[Event "Women's Baku Chess Olympiad"]
[Site "chess24.com"]
[Date "2016.09.11"]
[Round "9"]
[White "Sukhu, Gloria"]
[Black "Varona-Thomas, Maria"]
[Result "0-1"]
[Board "1"]
[WhiteID "11400099"]
[WhiteElo "1476"]
[WhiteTitle "WCM"]
[WhiteCountry "FIJ"]
[WhiteFideId "11400099"]
[WhiteEloChange "-3"]
[BlackID "19700288"]
[BlackElo "1775"]
[BlackTitle "WCM"]
[BlackCountry "GUY"]
[BlackFideId "19700288"]
[BlackEloChange "3"]

1. e4 {[%clk 1:30:48]} c5 {[%clk 1:30:56]} 2. Nf3 {[%clk 1:31:10]} d6 {[%clk
1:31:19]} 3. Bc4 {[%clk 1:31:17]} Nf6 {[%clk 1:30:48]} 4. d3 {[%clk 1:31:41]} g6
{[%clk 1:28:53]} 5. c3 {[%clk 1:31:33]} Bg7 {[%clk 1:28:41]} 6. Be3 {[%clk
1:30:40]} Nc6 {[%clk 1:27:38]} 7. a3 {[%clk 1:30:45]} O-O {[%clk 1:23:46]} 8. O-O
{[%clk 1:31:09]} a6 {[%clk 1:21:46]} 9. Ba2 {[%clk 1:31:31]} b5 {[%clk 1:20:55]}
10. Qc1 {[%clk 1:30:26]} Bb7 {[%clk 1:10:04]} 11. Bh6 {[%clk 1:30:50]} Rc8 {[%clk
1:09:48]} 12. Bxg7 {[%clk 1:31:15]} Kxg7 {[%clk 1:10:13]} 13. Qf4 {[%clk
1:30:48]} e5 {[%clk 1:02:43]} 14. Qg3 {[%clk 1:30:26]} Nh5 {[%clk 0:57:51]} 15.
Qg4 {[%clk 1:28:43]} Nf4 {[%clk 0:43:56]} 16. Ne1 {[%clk 1:28:05]} h5 {[%clk
0:41:53]} 17. Qf3 {[%clk 1:28:07]} Rc7 {[%clk 0:40:16]} 18. Nd2 {[%clk 1:28:26]}
Qg5 {[%clk 0:36:18]} 19. Kh1 {[%clk 1:28:04]} Ne7 {[%clk 0:20:51]} 20. Qe3 {[%clk
1:25:51]} f5 {[%clk 0:18:47]} 21. Ndf3 {[%clk 1:26:05]} Qh6 {[%clk 0:09:27]} 22.
h4 {[%clk 1:25:29]} fxe4 {[%clk 0:07:53]} 23. Ng5 {[%clk 1:25:52]} Nf5 {[%clk
0:06:53]} 24. Ne6+ {[%clk 1:25:02]} Nxe6 {[%clk 0:07:14]} 25. Qxh6+ {[%clk
1:25:00]} Kxh6 {[%clk 0:07:39]} 26. Bxe6 {[%clk 1:25:03]} Ng3+ {[%clk 0:08:02]}
27. fxg3 {[%clk 1:25:03]} Rxf1+ {[%clk 0:08:02]} 28. Kh2 {[%clk 1:24:18]} exd3
{[%clk 0:08:31]} 29. Rd1 {[%clk 1:24:02]} d2 {[%clk 0:08:28]} 30. Rxd2 {[%clk
1:24:28]} Rxe1 {[%clk 0:08:43]} 31. Rf2 {[%clk 1:23:43]} d5 {[%clk 0:08:37]} 32.
Rf8 {[%clk 1:23:49]} Re2 {[%clk 0:08:38]} 33. Rh8+ {[%clk 1:23:51]} Rh7 {[%clk
0:08:49]} 34. Rd8 {[%clk 1:24:04]} d4 {[%clk 0:09:15]} 35. Bd5 {[%clk 1:24:30]}
Bxd5 {[%clk 0:09:17]} 36. Rxd5 {[%clk 1:24:30]} Rc7 {[%clk 0:09:17]} 37. c4
{[%clk 1:23:49]} bxc4 {[%clk 0:09:39]} 38. Rd6 {[%clk 1:24:07]} Rxb2 {[%clk
0:09:51]} 39. Rxa6 {[%clk 1:24:33]} e4 {[%clk 0:10:08]} 40. Kh3 {[%clk 1:24:38]}
c3 {[%clk 0:10:13]} 41. g4 {[%clk 1:24:50]} c2 {[%clk 0:10:06]} 42. gxh5 {[%clk
1:55:14]} Kxh5 {[%clk 0:38:11]} 43. g4+ {[%clk 1:55:40]} Kh6 {[%clk 0:38:26]} 44.
h5 {[%clk 1:55:46]} Rg7 {[%clk 0:38:15]} 45. Kh4 {[%clk 1:55:49]} c1Q {[%clk
0:38:15]} 0-1

[Event "Women's Baku Chess Olympiad"]
[Site "chess24.com"]
[Date "2016.09.11"]
[Round "9"]
[White "Nepando, Jolly"]
[Black "Thobile Mthethwa"]
[Result "1-0"]
[Board "3"]
[WhiteID "15200485"]
[WhiteElo "1517"]
[WhiteTitle "WCM"]
[WhiteCountry "NAM"]
[WhiteFideId "15200485"]
[WhiteEloChange "7"]
[BlackID "20700164"]
[BlackElo "1392"]
[BlackCountry "SWZ"]
[BlackFideId "20700164"]
[BlackEloChange "-7"]

1. e4 {[%clk 1:30:27]} e6 {[%clk 1:30:42]} 2. d4 {[%clk 1:30:06]} d5 {[%clk
1:30:25]} 3. exd5 {[%clk 1:29:12]} exd5 {[%clk 1:30:23]} 4. Nf3 {[%clk 1:28:44]}
Nf6 {[%clk 1:29:43]} 5. Bd3 {[%clk 1:26:32]} Bd6 {[%clk 1:27:19]} 6. Nc3 {[%clk
1:25:31]} O-O {[%clk 1:25:04]} 7. O-O {[%clk 1:25:30]} Be6 {[%clk 1:21:10]} 8.
Re1 {[%clk 1:21:38]} Re8 {[%clk 1:18:56]} 9. Bg5 {[%clk 1:20:56]} Nbd7 {[%clk
1:18:06]} 10. Ne5 {[%clk 1:20:03]} Nxe5 {[%clk 1:06:29]} 11. dxe5 {[%clk
1:18:23]} Bg4 {[%clk 1:02:21]} 12. Bxf6 {[%clk 1:17:57]} Bxe5 {[%clk 0:51:13]}
13. Bxd8 {[%clk 1:16:25]} Bxd1 {[%clk 0:51:02]} 14. Raxd1 {[%clk 1:16:43]} Raxd8
{[%clk 0:50:49]} 15. g3 {[%clk 1:12:02]} c6 {[%clk 0:47:35]} 16. Re2 {[%clk
1:10:48]} Re7 {[%clk 0:43:44]} 17. Rde1 {[%clk 1:10:21]} d4 {[%clk 0:38:31]} 18.
Nd1 {[%clk 1:08:31]} f6 {[%clk 0:32:59]} 19. f4 {[%clk 1:08:03]} Bd6 {[%clk
0:31:32]} 20. Rxe7 {[%clk 1:07:39]} Bxe7 {[%clk 0:31:19]} 21. Rxe7 {[%clk
1:08:06]} Rb8 {[%clk 0:29:25]} 22. b4 {[%clk 1:07:58]} Kf8 {[%clk 0:29:15]} 23.
Rd7 {[%clk 1:08:25]} a6 {[%clk 0:28:45]} 24. Rxd4 {[%clk 1:08:50]} Re8 {[%clk
0:28:15]} 25. Kf2 {[%clk 1:09:17]} g6 {[%clk 0:26:28]} 26. Rd7 {[%clk 1:09:45]}
b5 {[%clk 0:25:34]} 27. Rxh7 {[%clk 1:09:56]} Rd8 {[%clk 0:25:46]} 28. Rh8+
{[%clk 1:10:12]} Ke7 {[%clk 0:26:00]} 29. Rxd8 {[%clk 1:10:25]} Kxd8 {[%clk
0:26:03]} 30. Bxg6 {[%clk 1:10:53]} Ke7 {[%clk 0:25:44]} 31. Ne3 {[%clk 1:11:01]}
Ke6 {[%clk 0:25:25]} 32. Kf3 {[%clk 1:10:52]} Kd6 {[%clk 0:25:21]} 33. h4 {[%clk
1:11:14]} c5 {[%clk 0:25:27]} 34. bxc5+ {[%clk 1:11:41]} Kxc5 {[%clk 0:25:25]}
35. h5 {[%clk 1:12:10]} b4 {[%clk 0:24:19]} 36. h6 {[%clk 1:12:29]} a5 {[%clk
0:24:36]} 37. h7 {[%clk 1:12:56]} a4 {[%clk 0:22:50]} 38. h8Q {[%clk 1:13:19]} a3
{[%clk 0:22:23]} 39. Qxf6 {[%clk 1:13:05]} Kb5 {[%clk 0:22:18]} 40. Be8+ {[%clk
1:43:22]} Kc5 {[%clk 0:51:59]} 41. Qh4 {[%clk 1:43:43]} Kd4 {[%clk 0:51:49]} 42.
g4 {[%clk 1:44:06]} Kc3 {[%clk 0:51:49]} 43. Qh8+ {[%clk 1:44:02]} Kd2 {[%clk
0:51:54]} 44. Qd4+ {[%clk 1:44:28]} Kc1 {[%clk 0:49:55]} 45. Ke2 {[%clk 1:43:18]}
Kb1 {[%clk 0:49:47]} 46. Qxb4+ {[%clk 1:39:22]} Ka1 {[%clk 0:44:29]} 47. Qxa3
{[%clk 1:38:48]} Kb1 {[%clk 0:44:18]} 48. g5 {[%clk 1:39:09]} Ka1 {[%clk
0:44:30]} 49. g6 {[%clk 1:39:27]} Kb1 {[%clk 0:44:40]} 50. Bf7 {[%clk 1:39:36]}
Ka1 {[%clk 0:44:53]} 51. Qc1# {[%clk 1:39:41]} 1-0

[Event "Women's Baku Chess Olympiad"]
[Site "chess24.com"]
[Date "2016.09.11"]
[Round "9"]
[White "Coimbra, Margarida"]
[Black "Aleksandrova, Aleksandra"]
[Result "1-0"]
[Board "2"]
[WhiteID "1901192"]
[WhiteElo "2078"]
[WhiteTitle "WFM"]
[WhiteCountry "POR"]
[WhiteFideId "1901192"]
[WhiteEloChange "4"]
[BlackID "4144198"]
[BlackElo "1848"]
[BlackTitle "WFM"]
[BlackCountry "ISR"]
[BlackFideId "4144198"]
[BlackEloChange "-4"]

1. e4 {[%clk 1:30:56]} d6 {[%clk 1:30:28]} 2. d4 {[%clk 1:31:16]} Nd7 {[%clk
1:30:41]} 3. Nf3 {[%clk 1:30:36]} c6 {[%clk 1:27:19]} 4. Nc3 {[%clk 1:29:23]} e5
{[%clk 1:27:02]} 5. a4 {[%clk 1:27:20]} a5 {[%clk 1:26:30]} 6. Bc4 {[%clk
1:26:55]} Be7 {[%clk 1:26:30]} 7. O-O {[%clk 1:20:20]} Ngf6 {[%clk 1:26:25]} 8.
Re1 {[%clk 1:20:28]} O-O {[%clk 1:26:44]} 9. h3 {[%clk 1:20:24]} h6 {[%clk
1:24:39]} 10. Be3 {[%clk 1:19:52]} Qc7 {[%clk 1:24:39]} 11. Ba2 {[%clk 1:11:36]}
Rd8 {[%clk 1:20:41]} 12. Qd2 {[%clk 1:07:31]} Nf8 {[%clk 1:20:05]} 13. Rad1
{[%clk 1:06:41]} Bd7 {[%clk 1:13:39]} 14. Qe2 {[%clk 0:53:41]} Ng6 {[%clk
1:03:56]} 15. Qc4 {[%clk 0:39:34]} Rf8 {[%clk 1:03:32]} 16. dxe5 {[%clk 0:25:35]}
dxe5 {[%clk 1:03:01]} 17. Nd5 {[%clk 0:25:12]} Nxd5 {[%clk 1:01:45]} 18. exd5
{[%clk 0:25:35]} Qc8 {[%clk 0:58:02]} 19. d6 {[%clk 0:17:05]} Bf6 {[%clk
0:38:31]} 20. Qd3 {[%clk 0:13:23]} e4 {[%clk 0:27:36]} 21. Qxe4 {[%clk 0:13:05]}
Bf5 {[%clk 0:26:51]} 22. d7 {[%clk 0:07:15]} Bxe4 {[%clk 0:20:58]} 23. dxc8Q
{[%clk 0:07:34]} Rfxc8 {[%clk 0:20:33]} 24. Rd7 {[%clk 0:04:55]} Nh8 {[%clk
0:08:35]} 25. c3 {[%clk 0:02:06]} Bf5 {[%clk 0:06:34]} 26. Rxb7 {[%clk 0:02:00]}
Rab8 {[%clk 0:04:59]} 27. Rxb8 {[%clk 0:01:49]} Rxb8 {[%clk 0:05:28]} 28. Re2
{[%clk 0:01:56]} Ng6 {[%clk 0:03:04]} 29. Rd2 {[%clk 0:01:14]} Rb7 {[%clk
0:01:24]} 30. Bc4 {[%clk 0:01:06]} Ne5 {[%clk 0:01:04]} 31. Nxe5 {[%clk 0:01:21]}
Bxe5 {[%clk 0:01:32]} 32. Kf1 {[%clk 0:00:53]} Kf8 {[%clk 0:01:00]} 33. Ke2
{[%clk 0:00:45]} Ke8 {[%clk 0:01:29]} 34. h4 {[%clk 0:00:39]} Bg4+ {[%clk
0:01:16]} 35. f3 {[%clk 0:00:49]} Bd7 {[%clk 0:01:20]} 36. g4 {[%clk 0:00:42]} c5
{[%clk 0:00:49]} 37. Bd5 {[%clk 0:00:40]} Rc7 {[%clk 0:00:50]} 38. Bb3 {[%clk
0:00:49]} c4 {[%clk 0:01:07]} 39. Bc2 {[%clk 0:00:43]} Rb7 {[%clk 0:01:33]} 40.
Bd1 {[%clk 0:30:44]} Bf6 {[%clk 0:31:19]} 41. h5 {[%clk 0:27:28]} Bc6 {[%clk
0:30:13]} 42. Bf4 {[%clk 0:22:59]} Be7 {[%clk 0:22:32]} 43. Kf2 {[%clk 0:19:46]}
Bd7 {[%clk 0:18:44]} 44. Be2 {[%clk 0:17:27]} Be6 {[%clk 0:16:45]} 45. Ke1 {[%clk
0:16:58]} Bc5 {[%clk 0:16:20]} 46. Kd1 {[%clk 0:16:42]} Bd7 {[%clk 0:14:27]} 47.
Bxc4 {[%clk 0:15:36]} Bxa4+ {[%clk 0:14:56]} 48. Kc1 {[%clk 0:14:34]} Re7 {[%clk
0:11:43]} 49. Re2 {[%clk 0:14:10]} Bc6 {[%clk 0:12:01]} 50. Rxe7+ {[%clk
0:13:47]} Kxe7 {[%clk 0:12:29]} 51. Be2 {[%clk 0:14:02]} Kf6 {[%clk 0:10:53]} 52.
Kd2 {[%clk 0:13:04]} a4 {[%clk 0:07:16]} 53. Bd1 {[%clk 0:09:02]} a3 {[%clk
0:06:34]} 54. bxa3 {[%clk 0:09:18]} Bxa3 {[%clk 0:07:02]} 55. Be3 {[%clk
0:06:51]} Bf8 {[%clk 0:06:29]} 56. Bd4+ {[%clk 0:06:55]} Ke6 {[%clk 0:05:38]} 57.
Bb3+ {[%clk 0:06:52]} Kd6 {[%clk 0:04:57]} 58. Ke3 {[%clk 0:07:06]} Be8 {[%clk
0:05:07]} 59. c4 {[%clk 0:05:34]} g6 {[%clk 0:04:12]} 60. c5+ {[%clk 0:05:07]}
Kc7 {[%clk 0:03:54]} 61. Be5+ {[%clk 0:03:07]} Kc6 {[%clk 0:03:18]} 62. Ba4+
{[%clk 0:02:28]} Kd5 {[%clk 0:03:46]} 63. Bxe8 {[%clk 0:02:23]} Bxc5+ {[%clk
0:04:13]} 64. Kf4 {[%clk 0:02:38]} gxh5 {[%clk 0:01:19]} 65. Bxf7+ {[%clk
0:02:49]} Kc6 {[%clk 0:01:34]} 66. gxh5 {[%clk 0:02:45]} Kd7 {[%clk 0:01:29]} 67.
Bg7 {[%clk 0:02:13]} Ke7 {[%clk 0:01:12]} 68. Bc4 {[%clk 0:02:29]} Ba3 {[%clk
0:00:57]} 69. Kf5 {[%clk 0:02:51]} Bc1 {[%clk 0:00:51]} 70. Kg6 {[%clk 0:03:14]}
1-0